01468nam a2200301Ia 4500001001200000003000800012006001900020007001500039008004100054040002100095035002100116050002500137111006800162245027200230260008800502300001400590533015200604650004800756650003600804655002900840700002500869700002500894700001900919710006800938710001701006856012601023999001701149ebr10056999CaPaEBRm u cr cn|||||||||080920s2001 dcu s 000 0 eng d aCaPaEBRcCaPaEBR a(OCoLC)56818375914aR853.C55bC55 2000eb2 aClinical Research Roundtablen(2nd :d2000 :cWashington, D.C.)10aPublic confidence and involvement in clinical researchh[electronic resource] :bsymposium summary, Clinical Research Roundtable, September 2000 /cAndrea L. Kalfoglou, Program officer, Douglas A. Boenning, Senior program officer, Mary Woolley, Symposium coordinator. aWashington, D.C. :bBoard on Health Sciences Policy, Institute of Medicine,cc2001. avii, 5 p. aElectronic reproduction.bPalo Alto, Calif. :cebrary,d2009.nAvailable via World Wide Web.nAccess may be limited to ebrary affiliated libraries. 0aClinical medicinexResearchzUnited States. 0aClinical trialszUnited States. 7aElectronic books.2local1 aBoenning, Douglas A.1 aKalfoglou, Andrea L.1 aWoolley, Mary.2 aInstitute of Medicine (U.S.).bBoard on Health Sciences Policy.2 aebrary, Inc.40uhttp://site.ebrary.com/lib/rucke/Doc?id=10056999zAn electronic book accessible through the World Wide Web; click to view c71117d71117